| 000 | 00415nam a22001937a 4500 | ||
|---|---|---|---|
| 003 | OSt | ||
| 005 | 20211027085232.0 | ||
| 008 | 211027b |||||||| |||| 00| 0 eng d | ||
| 020 | _a9788170354451 | ||
| 040 | _cHU | ||
| 050 | _a1 | ||
| 082 | _a597/FUN | ||
| 100 |
_aFUN _99289 |
||
| 245 | _aFUNDAMENTALS OF ICHTHYOLOGY | ||
| 250 | _a1 | ||
| 260 |
_aINDIA _bDPH _c2007 |
||
| 300 | _a174 | ||
| 942 |
_2ddc _cBOOKS _n0 |
||
| 999 |
_c15147 _d15147 |
||